000
00324nam a2200145Ia 4500
008
230711s9999||||xx |||||||||||||| ||und||
041
_a
ENG
082
_a
541
_b
BL-M
100
_a
Blooms Burns
245
0
_a
Medicines
250
_a
1str
260
_c
1988
_a
New Delhi
_b
CRC Press Florida
650
_a
Chemistry
942
_c
BK
999
_c
1176
_d
1176